| 000 | 01364cam a22003614a 4500 | ||
|---|---|---|---|
| 999 |
_c478370 _d478370 |
||
| 001 | 13309324 | ||
| 003 | NUST | ||
| 005 | 20180524052903.0 | ||
| 008 | 030812s2004 gw a b 001 0 eng | ||
| 010 | _a 2003061758 | ||
| 020 | _a3540403868 (v. 1 : acidfree paper) | ||
| 020 | _a3540406336 (v. 2 : acidfree paper) | ||
| 038 | _aSNSLibrary | ||
| 040 |
_aDLC _cDLC _dDLC |
||
| 041 | 1 |
_aeng _hrus |
|
| 042 | _apcc | ||
| 050 | 0 | 0 |
_aQA300 _b.Z67 2004 |
| 082 | 0 | 0 |
_a515 _222 |
| 100 | 1 |
_aZorich, V. A. _q(Vladimir Antonovich) _910506 |
|
| 240 | 1 | 0 |
_aMatematicheskiĭ analiz. _lEnglish |
| 245 | 1 | 0 |
_aMathematical analysis / _cVladimir A. Zorich ; [translator, Roger Cooke]. |
| 260 |
_aBerlin ; _aNew York : _bSpringer, _cc2004. |
||
| 300 |
_a2 v. :Xviii,571 p. _bill. ; Hb. _c25 cm. |
||
| 490 | 0 | _aUniversitext | |
| 504 | _aIncludes bibliographical references and indexes. | ||
| 650 | 0 |
_aMathematical analysis. _9198 |
|
| 700 | 1 |
_aCooke, Roger, _d1942- _910507 |
|
| 856 | 4 | 2 |
_3Publisher description _uhttp://www.loc.gov/catdir/enhancements/fy0818/2003061758-d.html |
| 856 | 4 | 1 |
_3Table of contents only _uhttp://www.loc.gov/catdir/enhancements/fy0818/2003061758-t.html |
| 906 |
_a7 _bcbc _corignew _d1 _eocip _f20 _gy-gencatlg |
||
| 942 |
_2ddc _cBK |
||